00424cam a2200157ua 450000100060000000800390000602000180004504000090006308200100007210000260008224500440010826000400015230000100019265300180020265300460022011207190903n ii |||gr||||Z||||||eng a9788131606100 cMAIN a305.4 aRoli Misra,eEditor., aRethinking gendercEdited by Roli Misra aJaipur:bRawat Publications,c2014. a260p. aSocial groups aStatus of women in the contemporary world